Регионална библиотека "Любен Каравелов" - Русе

Поетика на мита (Запис номер 6438)

MARC детайли
000 -Лидер
Контролно поле с фиксирана дължина 01797nam a2200361 c 4500
003 - Код на организацията, давaща контролен номер
Контролно поле BLK
005 - Дата и час на последна редакция
Контролно поле 20180420214110.0
008 - Елементи от данни с фиксирана дължина
fixed length control field 180412b bul|||||r ||||||| ||bul||
010 ## - Наследен системен номер
LC control number KNG00007671000
020 ## - Международен стандартен номер на книга ISBN
Международен стандартен номер на книга ISBN 954-445-341-5
-- издат.: Христо Ботев
040 ## - Източник на каталожния запис
Идентификатор на билиотеката - собственик на записа BLK
041 ## - Код за език
Код за езика на текст/звукозапис или на отделно заглавие Български
Код за езика КДБФ Български
080 ## - УДК
Текстов определител УДК Литературна естетика. Философия на литературата
УДК код - определител по УДК 82.01
УДК определител
УДК - код + определител 82.01
080 ## - УДК
Текстов определител УДК Религиозни учения. Догми. Обожествяване на природата - култ към фалоса и черепа, митове, тотемизъм, табу, манизъм, анимизъм, фетишизъм, тотемизъм. Демони. Космогония. Край на света. Есхатология
УДК код - определител по УДК 291.2
УДК определител .001
УДК - код + определител 291.2.001
100 1# - Редна дума - Автор
Автор Мелетински, Елеазар Моисеевич
Авторска отговорност първи автор
R(LIN) 251464
139 ## - Редно поле
Редна дума Мелетински, Елеазар Моисеевич
Авторски знак Мел - М 46
245 10 - Сведения за заглавието
Заглавие Поетика на мита
Редно поле (дума) Елеазар Моисеевич Мелетински.
257 ## - Страна на издаване
Страна на създаване/издаване Русия
260 ## - Област на издателските данни
-- София
Име на издателя, разпространителя и проч. Христо Ботев
Година на издаване 1995
300 ## - Физическа характеристика
Страници 551 с.
Размери/Мащаб 20 см
380 ## - Жанр
Жанр Литературознание
490 1# - СЕРИИ (Колекции)
Име на серия Митология и културантропология
500 ## - Общи забележки
Забележка Ориг. загл. Поэтика мифа / Е. M . Мелетинский. - 4 000 тир.
650 #4 - Допълнително описание по предмет – тема
Основно описание – тема или топоним Митология - теория
9 (RLIN) 246546
650 #4 - Допълнително описание по предмет – тема
Основно описание – тема или топоним Литература - връзка с митологията
9 (RLIN) 251465
650 #4 - Допълнително описание по предмет – тема
Основно описание – тема или топоним Литературни направления
9 (RLIN) 251466
653 ## - Ключова дума – ненормативна
Ключова дума митология
852 ## - Местоположение
Форматна сигнатура Цб 183068
856 4# - Електронен адрес и достъп
Електронен формат pdf - файл
Път до файла /url/
856 4# - Електронен адрес и достъп
Електронен формат pdf - файл
Път до файла /url/
942 ## - АРТИКУЛИ
Вид на библиотечния материал Книги
Скрит в OPAC Не
Koha issues (borrowed), all copies 1
944 ## - СЪЗДАВАНЕ И РЕДАКЦИЯ на ЗАПИСА
Създаване/Редакция Създаване
Дата на регистрацията/редакция 15.01.2003
Служител, извършил регистрацията/редакцията Людмила_Стоянова
944 ## - СЪЗДАВАНЕ И РЕДАКЦИЯ на ЗАПИСА
Създаване/Редакция Редакция
Дата на регистрацията/редакция 21.12.2007
Служител, извършил регистрацията/редакцията
999 ## - СИСТЕМНИ КОНТРОЛНИ НОМЕРА
Koha biblionumber 6438
Koha biblioitemnumber 6438
Наличности
Код за отписване Код за изгубен артикул Източник на класификационната схема Код за повреда Коз за рестрикции Код за отдаване Артикулен № Име на библиотеката - собственик Име на библиотеката, в която се намира в момента Статус (Текущо местоположение) Дата на вписване в системата Местоположение - отдел Цена в лева Инвентарен номер Систематично азбучна сигнатура Баркод Номер на екземпляра Цена в евро Служебна бележка Служебен тип на артикула
  Не е изгубен Universal Decimal Classification Не е повреден без рестрикции заемане за дома 11211 Регионална библиотека "Любен Каравелов" Русе Регионална библиотека "Любен Каравелов" Русе Заемна - подръчен фонд 2001-01-01 Заемна - подръчен фонд 2.52 612402 82.01/.09/М 46 120000612402 1 1.29 Дата инв: 08.02.2018 Бележки инв: П2018 Книги
  Не е изгубен Universal Decimal Classification Не е повреден без рестрикции заемане за дома 11212 Регионална библиотека "Любен Каравелов" Русе Регионална библиотека "Любен Каравелов" Русе Заемна - подръчен фонд 2001-01-01 Заемна - подръчен фонд 2.52 612733 82.01/.09/М 46 120000612733 2 1.29 Дата инв: 08.02.2018 Бележки инв: П2018 Книги
Изтеглен Не е изгубен Universal Decimal Classification Не е повреден без рестрикции заемане за дома 11213 Регионална библиотека "Любен Каравелов" Русе Регионална библиотека "Любен Каравелов" Русе Заемна - подръчен фонд 2001-01-01 Заемна - подръчен фонд 2.52 612734 П 82.0/М 46 612734 3 1.29   Книги
  Не е изгубен Universal Decimal Classification Не е повреден без рестрикции ползва се в читалня 11214 Регионална библиотека "Любен Каравелов" Русе Регионална библиотека "Любен Каравелов" Русе Хранилище 2001-01-01 Хранилище 2.52 613214 Цб 183068 120000613214 4 1.29 Дата инв: 14.10.2014 Бележки инв: Цб2014 Книги
Vip Innovations Ltd, Rousse, Bulgaria 2025